LEADER 01143nam a2200253 i 4500 001 000000168692 003 CaOOAMICUS 005 20080129000000.0 008 080129s1475 it u000 u lat u 013 $a146094 040 $aSeMil$bita 245 10$aConfessiones. 260 $aMilano :$bJohannes Bonus,$c1475, XII Kalendas augusti (21 luglio) 300 $a15 x 20,5 ;$ccc. 165 ;$crom. 500 $aH 2031 ; GW 2894 ; BMC VI, 728 ; IGI I, 984. - La prima pagina ha le iniziali in rosso. - Legatura in pelle. - Descrizione da : Incunaboli e Cinquecentine della Biblioteca del Seminario di Milano / catalogo a cura di Ubaldo Valentini, Milano 1981. - Numero di catalogo : 11. 700 0 $aAugustinus, Aurelius,$c.$0(OLS)http://semarc/name/498 850 $aSeMil 852 $aSeMil$W1$xVenegono$y1$mFV.A II 9$j119716$B119716$CSeMilBibl$Z2$F130895 $86 900 1 $aAgostino : d'Ippona. 900 1 $aSant'Agostino. 996 $6245$aConfessiones$9(OLS)http://semarc/title/29155 996 $6260$aMilano :$bJohannes Bonus$9(OLS)http://semarc/publisher/48793 LEADER 01020nam a2200205 i 4500 001 000000188167 003 CaOOAMICUS 005 20100402000000.0 008 100402s1916 it u000 u fre u 013 $a166322 040 $aSeMil$bita 245 10$aDisceptatio :$bSuper Dubio "Utrum conveniat celebrare septimum centenarium approbationis ordinis fratrum praedicatorum AB Honorio 3. anno 1216 peractae". 260 $a[S.l.] :$bFriburgi Helvetiorum,$c1916. 300 $a114 p. :$bill. ;$c31 cm. 500 $aContiene : Appendices. 650 4$aFrati Predicatori - Sec. 13.-15. - Repertori.$0(OLS)http://semarc/subject/7975 850 $aSeMil 852 $aSeMil$W1$xVenegono$y1$m3G VI 44$j138836$B138836$CSeMilBibl$Z2$F150417 $81 996 $6245$aDisceptatio :$bSuper Dubio "Utrum conveniat celebrare septimum centenarium approbationis ordinis fratrum praedicatorum AB Honorio 3. anno 1216 peractae"$9(OLS)http://semarc/title/270736 996 $6260$a[S.l.] :$bFriburgi Helvetiorum$9(OLS)http://semarc/publisher/40842